Nursing, medicine, and primary care / (Record no. 7962)
[ view plain ]
| 000 -LEADER | |
|---|---|
| fixed length control field | 00808cam a22002414a 4500 |
| 001 - CONTROL NUMBER | |
| control field | 11800625 |
| 005 - DATE AND TIME OF LATEST TRANSACTION | |
| control field | 20251030133813.0 |
| 008 - FIXED-LENGTH DATA ELEMENTS--GENERAL INFORMATION | |
| fixed length control field | 991001s2000 enk b 001 0 eng |
| 020 ## - INTERNATIONAL STANDARD BOOK NUMBER | |
| International Standard Book Number | 0335201687 |
| Qualifying information | hbk. |
| 020 ## - INTERNATIONAL STANDARD BOOK NUMBER | |
| International Standard Book Number | 0335201679 |
| Qualifying information | pbk. |
| 020 ## - INTERNATIONAL STANDARD BOOK NUMBER | |
| International Standard Book Number | 9780335201686 |
| Qualifying information | (hbk.) |
| 020 ## - INTERNATIONAL STANDARD BOOK NUMBER | |
| International Standard Book Number | 9780335201679 |
| Qualifying information | (pbk.) |
| 050 00 - LIBRARY OF CONGRESS CALL NUMBER | |
| Classification number | RT86.4 |
| Item number | .W54 2000 |
| 082 00 - DEWEY DECIMAL CLASSIFICATION NUMBER | |
| Classification number | 362.1/0941 |
| Edition information | 21 |
| 100 1# - MAIN ENTRY--PERSONAL NAME | |
| Personal name | Williams, Anne, |
| Dates associated with a name | 1944- |
| 245 10 - TITLE STATEMENT | |
| Title | Nursing, medicine, and primary care / |
| Statement of responsibility, etc. | Anne Williams. |
| 260 ## - PUBLICATION, DISTRIBUTION, ETC. | |
| Place of publication, distribution, etc. | Buckingham ; |
| -- | Philadelphia : |
| Name of publisher, distributor, etc. | Open University Press, |
| Date of publication, distribution, etc. | 2000. |
| 300 ## - PHYSICAL DESCRIPTION | |
| Extent | viii, 120 p. ; |
| Dimensions | 23 cm. |
| 650 #0 - SUBJECT ADDED ENTRY--TOPICAL TERM | |
| Topical term or geographic name entry element | Nurse and physician |
| Geographic subdivision | Great Britain. |
| 650 #0 - SUBJECT ADDED ENTRY--TOPICAL TERM | |
| Topical term or geographic name entry element | Primary care (Medicine) |
| Geographic subdivision | Great Britain. |
| 856 41 - ELECTRONIC LOCATION AND ACCESS | |
| Materials specified | Table of contents |
| Uniform Resource Identifier | <a href="http://www.loc.gov/catdir/toc/fy034/99049874.html">http://www.loc.gov/catdir/toc/fy034/99049874.html</a> |
| 942 ## - ADDED ENTRY ELEMENTS (KOHA) | |
| Source of classification or shelving scheme | Library of Congress Classification |
| Koha item type | Books |
| Suppress in OPAC | No |
| 999 ## - | |
| -- | 7962 |
| -- | 7962 |
| Withdrawn status | Lost status | Source of classification or shelving scheme | Damaged status | Not for loan | Collection | Home library | Current library | Shelving location | Date acquired | Total checkouts | Full call number | Barcode | Date last seen | Copy number | Price effective from | Koha item type |
|---|---|---|---|---|---|---|---|---|---|---|---|---|---|---|---|---|
| Library of Congress Classification | Non-fiction | Science Library (Miotso) | Science Library (Miotso) | General stacks | 10/30/2025 | RT86.4 .W54 WIL | SLM00005050 | 10/30/2025 | 1 | 10/30/2025 | Books | |||||
| Library of Congress Classification | Non-fiction | Science Library (Miotso) | Science Library (Miotso) | General stacks | 10/30/2025 | RT86.4 .W54 WIL | SLM00005051 | 10/30/2025 | 2 | 10/30/2025 | Books | |||||
| Library of Congress Classification | Non-fiction | Science Library (Miotso) | Science Library (Miotso) | General stacks | 10/30/2025 | RT86.4 .W54 WIL | SLM00005052 | 10/30/2025 | 3 | 10/30/2025 | Books | |||||
| Library of Congress Classification | Non-fiction | Science Library (Miotso) | Science Library (Miotso) | General stacks | 10/30/2025 | RT86.4 .W54 WIL | SLM00005053 | 10/30/2025 | 4 | 10/30/2025 | Books | |||||
| Library of Congress Classification | Non-fiction | Science Library (Miotso) | Science Library (Miotso) | General stacks | 10/30/2025 | RT86.4 .W54 WIL | SLM00005054 | 10/30/2025 | 5 | 10/30/2025 | Books |